Normal view
MARC view
- White, T. H
Entry Personal Name
001 - CONTROL NUMBER
- control field: 26767
003 - CONTROL NUMBER IDENTIFIER
- control field: NUST
005 - DATE AND TIME OF LATEST TRANSACTION
- control field: 20191212100253.0
008 - FIXED-LENGTH DATA ELEMENTS
- fixed length control field: 191212|| aca||aabn | a|a d
040 ## - CATALOGING SOURCE
- Original cataloging agency: NUST
- Transcribing agency: NUST
100 ## - HEADING--PERSONAL NAME
- Personal name: White, T. H
670 ## - SOURCE DATA FOUND
- Source citation: Work cat.: (NUST): White, T. H, The Once and Future King, 1956
